000 00358 a2200169 4500
001 161555
020 _a85-08-03371-0
040 _cMagnum
100 _aGomes, Alvaro Cardoso
240 1 0 _aAmor & cuba-libre
_lpor
245 1 0 _aAmor & cuba-libre
300 _a109
362 0 _a1991
440 1 _aÁtica
697 _aLITERATURA JUVENIL
942 _cBK
999 _c161555
_d161555